LEADER 00955nam a2200253 i 4500 001 991002697889707536 005 20020503172439.0 008 000704s1979 fr ||| | fre 020 $a272880060X 035 $ab1040188x-39ule_inst 035 $aEXGIL108301$9ExL 040 $aBiblioteca Interfacoltà$bita 082 0 $a880 100 1 $aSaïd, Suzanne$0187848 245 10$aEtudes de litterature ancienne :$bHomere, Horace, le mythe d'Oedipe, les sentences de Sextus /$cS. Saïd ... [et al.] 260 $aParis :$bPresses de l'ecole normale superieure,$c1979 300 $a127 p. ;$c24 cm. 650 4$aLetteratura classica 907 $a.b1040188x$b02-04-14$c27-06-02 912 $a991002697889707536 945 $aLE002 Gr. IV A 26$g1$i2002000733153$lle002$o-$pE0.00$q-$rl$s- $t0$u0$v0$w0$x0$y.i10468997$z27-06-02 996 $aEtudes de litterature ancienne$9220515 997 $aUNISALENTO 998 $ale002$b01-01-00$cm$da $e-$ffre$gfr $h0$i1 LEADER 01516nam a2200349Ii 4500 001 991001809089707536 008 120914s2012 de b 000 0 eng d 020 $a9783642271441 035 $ab14074060-39ule_inst 040 $aDip.to Matematica e Fisica$beng 082 00$a515.355$223 084 $aAMS 35J70 084 $aAMS 35J75 084 $aAMS 35J92 084 $aLC QA377.R448 100 1 $aLewis, John$0380979 245 00$aRegularity estimates for nonlinear elliptic and parabolic problems :$bCetraro, Italy, 2009 /$cJohn Lewis ... [et al.] 260 $aHeidelberg ;$aLondon ;$aNew York :$bSpringer,$cc2012 300 $axi, 247 p. :$bill. ;$c24 cm 440 0$aLecture notes in mathematics,$x0075-8434 ;$v2045 500 $a"Notes of the CIME course 'Regularity Estimates for Nonlinear Elliptic and Parabolic Problems' held in Cetraro (Italy) on June 22-27, 2009"--Preface 504 $aIncludes bibliographical references 650 0$aDifferential equations, Elliptic 650 0$aDifferential equations, Parabolic 650 0$aDifferential equations, Nonlinear 650 0$aDifferential equations$xQualitative theory 907 $a.b14074060$b19-12-12$c14-09-12 912 $a991001809089707536 945 $aLE013 35J LEW11 (2012)$g1$i2013000216287$lle013$op$pE44.95$q-$rl$s- $t0$u0$v0$w0$x0$y.i15444235$z01-10-12 996 $aRegularity estimates for nonlinear elliptic and parabolic problems$9239900 997 $aUNISALENTO 998 $ale013$b14-09-12$cm$da $e-$feng$gde $h0$i0